000
00278nam a22001217a 4500
008
170714b xxu||||| |||| 00| 0 eng d
041
_a
eng
080
_a
038
100
_a
26
101
_a
FJA
245
_a
ROGET'S THESAURUS OF WORDS AND PHRASES
_c
ROGET, P.M
942
_2
udc
_c
BK
999
_c
20930
_d
20930